| 000 | 00678nam a2200193Ii 4500 | ||
|---|---|---|---|
| 003 | JO-AjNU | ||
| 008 | 230605s9999||||xx |||||||||||||| ||und|| | ||
| 040 |
_aJO-AjNU _bara _erda _cJO-AjNU |
||
| 041 | _aara | ||
| 050 | 1 | 4 | _aQ179.9 2006 |
| 100 | 3 |
_aالاسد، بشار , _eauthor _952223 |
|
| 245 | 0 | 0 | _aالمؤتمر الرابع حول افاق البحث العلمي والتطوير التكنولوجي في الوطن العربي، ج1 |
| 264 | 3 | 1 | _aالمؤلف ،2006 |
| 300 | _aج1، 697ص | ||
| 336 |
_atext _btxt _2rdacontent |
||
| 337 |
_aunmediated _bn _2rdamedia |
||
| 338 |
_avolume _bnc _2rdacarrier |
||
| 650 | 4 |
_aالتطور التكنولوجي _952224 |
|
| 999 |
_aA23121 _c26689 _d26689 |
||